[Event "GER-chT U14"]
[Site "Verden an der Aller"]
[Date "2017.12.27"]
[Round "1.1"]
[White "Sehmsdorf, Johann"]
[Black "Burian, Simon"]
[Result "0-1"]
[WhiteElo "1575"]
[BlackElo "1980"]
[PlyCount "88"]
[EventDate "2017.12.26"]
[EventType "team-swiss"]
[EventRounds "7"]
[EventCountry "GER"]
[SourceTitle "CBM 182 Extra"]
[Source "ChessBase"]
[SourceDate "2018.02.23"]
[SourceVersion "1"]
[SourceVersionDate "2018.02.23"]
[SourceQuality "1"]
[WhiteTeam "Dresden Striesen"]
[BlackTeam "Plauen Koenig"]
[WhiteTeamCountry "GER"]
[BlackTeamCountry "GER"]

1. e4 c5 2. Nf3 d6 3. d4 cxd4 4. Nxd4 Nf6 5. Nc3 a6 6. g3 e5 7. Nde2 Be6 8. Bg2 Be7 9. Nd5 Bxd5 10. exd5 0-0 11. 0-0 b5 12. b3 Nbd7 13. h3 Rc8 14. Be3 Ne8 15. a4 b4 16. Qd3 a5 17. Rac1 f5 18. f4 e4 19. Qb5 Bf6 20. g4 g6 21. Nd4 Rc5 22. Ne6 Rxb5 23. Nxd8 Rxd5 24. Ne6 Rf7 25. g5 Be7 26. Rf2 Nc5 27. Nxc5 dxc5 28. Bf1 Nd6 29. c4 bxc3 30. Rxc3 Kg7 31. Rxc5 Rxc5 32. Bxc5 Kf8 33. Bxd6 Bxd6 34. Kg2 Re7 35. Be2 e3 36. Rf1 Re4 37. Kg3 Ke7 38. h4 Kd7 39. Rd1 Kc7 40. Rc1+ Kb6 41. Rf1 Bc7 42. h5 Bd6 43. hxg6 hxg6 44. Bd3 e2 0-1

[Event "Sachsen-ch U10"]
[Site "Sebnitz"]
[Date "2013.04.04"]
[Round "4"]
[White "Schubert, Christoph"]
[Black "Sehmsdorf, Johann"]
[Result "1-0"]
[WhiteElo "1074"]
[BlackElo "910"]
[PlyCount "89"]
[EventDate "2013.04.02"]
[EventType "swiss"]
[EventRounds "7"]
[EventCountry "GER"]
[SourceTitle "EXT 2014"]
[Source "ChessBase"]
[SourceDate "2013.11.20"]
[SourceVersion "1"]
[SourceVersionDate "2013.11.20"]
[SourceQuality "1"]

1. e4 e5 2. Nf3 Nc6 3. c3 Nf6 4. d4 d6 5. d5 Ne7 6. Bd3 c6 7. c4 g6 8. Nc3 Bg7 9. 0-0 0-0 10. Be3 c5 11. Rb1 b6 12. Qd2 Ng4 13. Bg5 f6 14. Be3 Nxe3 15. Qxe3 f5 16. exf5 Nxf5 17. Bxf5 Bxf5 18. Rbe1 a6 19. a3 Ra7 20. b4 Rb7 21. bxc5 bxc5 22. Rd1 Rb3 23. Qc1 e4 24. Nd2 Rxc3 25. Qb2 Qc7 26. Nb1 Rb8 27. Qe2 Rcb3 28. Rc1 Bd4 29. Nd2 Rd3 30. Nxe4 Rb2 31. Qxd3 Bxe4 32. Qxe4 Qa5 33. Qe8+ Kg7 34. Qd7+ Kh6 35. Qxd6 Qd2 36. Qg3 Qe2 37. Qh4+ Kg7 38. Rce1 Qxc4 39. Re7+ Kf8 40. Re4 Rxf2 41. Qh6+ Kf7 42. Qxh7+ Kf6 43. Re6+ Kf5 44. Qxg6+ Kf4 45. Re4# 1-0

[Event "Sachsen-ch U10"]
[Site "Sebnitz"]
[Date "2013.04.03"]
[Round "2"]
[White "Sehmsdorf, Johann"]
[Black "Ambach Salazar, Leonhard"]
[Result "1-0"]
[WhiteElo "910"]
[BlackElo "1085"]
[PlyCount "97"]
[EventDate "2013.04.02"]
[EventType "swiss"]
[EventRounds "7"]
[EventCountry "GER"]
[SourceTitle "EXT 2014"]
[Source "ChessBase"]
[SourceDate "2013.11.20"]
[SourceVersion "1"]
[SourceVersionDate "2013.11.20"]
[SourceQuality "1"]

1. e4 e5 2. Nf3 Nc6 3. Bb5 a6 4. Ba4 Nf6 5. Nc3 Bc5 6. 0-0 0-0 7. Bxc6 dxc6 8. Nxe5 Qd4 9. Nf3 Qd6 10. e5 Qe6 11. exf6 Qxf6 12. Ne4 Qe7 13. Ng3 Be6 14. d4 Rad8 15. c3 b5 16. Ne5 Bd5 17. Re1 Qf6 18. Qg4 Be6 19. Qf3 Qxf3 20. Nxf3 Bc4 21. Be3 Bd6 22. b3 Be6 23. Rad1 Bd5 24. Ne5 f6 25. Nf3 f5 26. Bg5 Rb8 27. Be7 Bxe7 28. Rxe7 f4 29. Nf1 Rf6 30. N1d2 Rg6 31. Rde1 Kf8 32. R7e5 a5 33. Rg5 Rf6 34. Ree5 h6 35. Rgf5 Bxf3 36. Nxf3 Kf7 37. Rxf6+ gxf6 38. Re4 Kg6 39. g3 fxg3 40. hxg3 f5 41. Re5 Kf6 42. Nh4 Rg8 43. Rxf5+ Ke7 44. Re5+ Kd6 45. Nf5+ Kd7 46. Re7+ Kc8 47. Re5 Kb7 48. Nxh6 Rg6 49. Nf5 1-0